[Event "London Classic CSC op U2000 7th"]
[Site "London"]
[Date "2015.12.06"]
[Round "4"]
[White "Shehovtsov, Aleksandr"]
[Black "Dydak, Mateusz"]
[Result "1-0"]
[WhiteElo "1920"]
[BlackElo "1882"]
[PlyCount "65"]
[EventDate "2015.12.04"]
[EventType "swiss"]
[EventRounds "5"]
[EventCountry "ENG"]
[SourceTitle "CBM 169 Extra"]
[Source "ChessBase"]
[SourceDate "2015.12.18"]
[SourceVersion "1"]
[SourceVersionDate "2015.12.18"]
[SourceQuality "1"]

1. d4 f5 2. Nf3 Nf6 3. c4 g6 4. g3 Bg7 5. Bg2 0-0 6. 0-0 d6 7. Nc3 Qe8 8. Re1 Qf7 9. b3 Ne4 10. Bb2 c6 11. Qc2 Nxc3 12. Bxc3 Na6 13. e4 fxe4 14. Qxe4 Bf6 15. Qe3 Bg4 16. h3 Bd7 17. Re2 Nc7 18. Ng5 Qe8 19. Qd2 Qd8 20. Rd1 Rb8 21. d5 cxd5 22. cxd5 e5 23. Ne4 Be7 24. f4 Bb5 25. Ree1 Ne8 26. fxe5 dxe5 27. Bxe5 Bc5+ 28. Nxc5 Qb6 29. Bd4 Qd6 30. Qe3 Nf6 31. Qe6+ Qxe6 32. dxe6 Nh5 33. e7 1-0

[Event "London Classic CSC op U2000 7th"]
[Site "London"]
[Date "2015.12.05"]
[Round "3"]
[White "Shehovtsov, Aleksandr"]
[Black "Varney, Zoe"]
[Result "1-0"]
[WhiteElo "1920"]
[BlackElo "1847"]
[PlyCount "69"]
[EventDate "2015.12.04"]
[EventType "swiss"]
[EventRounds "5"]
[EventCountry "ENG"]
[SourceTitle "CBM 169 Extra"]
[Source "ChessBase"]
[SourceDate "2015.12.18"]
[SourceVersion "1"]
[SourceVersionDate "2015.12.18"]
[SourceQuality "1"]

1. d4 d5 2. c4 c6 3. Nf3 Nf6 4. g3 e6 5. Bg2 Nbd7 6. 0-0 Bd6 7. Nc3 0-0 8. Re1 dxc4 9. e4 e5 10. Be3 Re8 11. dxe5 Nxe5 12. Nxe5 Bxe5 13. Qe2 Bxc3 14. bxc3 Qd3 15. Qb2 Nxe4 16. Bd4 Bg4 17. h3 c5 18. Re3 cxd4 19. Rxd3 cxd3 20. Bxe4 Rxe4 21. hxg4 Re2 22. Qb5 Rd2 23. cxd4 Rc8 24. Re1 h6 25. Re8+ Rxe8 26. Qxe8+ Kh7 27. Qe4+ Kg8 28. d5 Rd1+ 29. Kg2 g6 30. d6 d2 31. Qe2 Rc1 32. Qxd2 Rc8 33. d7 Rd8 34. Qd6 b5 35. Qe7 1-0

[Event "EU-ch U10"]
[Site "Prague"]
[Date "2012.08.19"]
[Round "3"]
[White "Shehovtsov, Aleksandr"]
[Black "Zlatea, Cezar Stelian"]
[Result "1-0"]
[WhiteElo "1902"]
[BlackElo "1731"]
[PlyCount "65"]
[EventDate "2012.08.17"]
[EventType "swiss"]
[EventRounds "9"]
[EventCountry "CZE"]
[SourceTitle "CBM 150 Extra"]
[Source "ChessBase"]
[SourceDate "2012.10.19"]
[SourceVersion "1"]
[SourceVersionDate "2012.10.19"]
[SourceQuality "1"]

1. e4 e5 2. Nf3 Nc6 3. Bb5 Nf6 4. d3 d6 5. c3 g6 6. 0-0 Bg7 7. Re1 Bd7 8. Nbd2 0-0 9. Nf1 h6 10. d4 Qe8 11. Bd3 Nh5 12. Be3 f5 13. dxe5 dxe5 14. Bc5 Rf6 15. Ne3 Nf4 16. Nd5 Nxd5 17. exd5 Ne7 18. Nxe5 Bf8 19. Bc4 Kh7 20. Qd4 Ng8 21. Ng4 Qf7 22. Nxf6+ Qxf6 23. Qxf6 Nxf6 24. Bxf8 Rxf8 25. Re7+ Kh8 26. Rd1 Rd8 27. d6 c6 28. Be6 Bxe6 29. Rxe6 Kg7 30. Re7+ Kf8 31. Rxb7 Nd5 32. c4 Nb6 33. c5 1-0